La estampida migratoria ecuatoriana: crisis, redes transnacionales y repertorios de acción migratoria /
Esta investigación promete una comprensión más integral de los flujos migratorios ecuatorianos internacionales. El interés reside en una postura teórica, metodológica y política que reivindica la perspectiva de análisis transnacional, es decir, que se considera a los y las migrantes como capaces de...
Gardado en:
| Autor Principal: | |
|---|---|
| Outros autores: | |
| Formato: | Texto |
| Publicado: |
Quito:
Centro de Investigaciones CIUDAD. UNESCO. ABYA YALA. ALISEI
|
| Edición: | 2 |
| Materias: | |
| Etiquetas: |
Engadir etiqueta
Sen Etiquetas, Sexa o primeiro en etiquetar este rexistro!
|
MARC
| LEADER | 00000 a a2200000 04500 | ||
|---|---|---|---|
| 001 | 34661 | ||
| 003 | |||
| 040 | |||
| 020 | |a 9978-22-567-6 | ||
| 090 | |a 1001 R173e | ||
| 100 | |a Ramírez Gallegos, Franklin | ||
| 245 | |a La estampida migratoria ecuatoriana: crisis, redes transnacionales y repertorios de acción migratoria / |c Franklin Ramírez Gallegos | ||
| 250 | |a 2 | ||
| 260 | |a Quito: |b Centro de Investigaciones CIUDAD. UNESCO. ABYA YALA. ALISEI | ||
| 300 | |a 233 p. | ||
| 520 | |a Esta investigación promete una comprensión más integral de los flujos migratorios ecuatorianos internacionales. El interés reside en una postura teórica, metodológica y política que reivindica la perspectiva de análisis transnacional, es decir, que se considera a los y las migrantes como capaces de construir espacios sociales transnacionales, lo que requiere de una análisis global a su vez que de las interpretaciones subjetivas (relatos testimoniales). El libro contiene: una síntesis histórica y política necesaria para comprender las causas de las olas migratorias internacionales ecuatorianas, y la construcción de recursos que posibilitan una dinámica, que luego se torna en estructura luego, la construcción de un mapa sociodemográfico de la emigración ecuatoriana y finalmente, la conformación de las redes transnacionales | ||
| 650 | |a MIGRACION INTERNACIONAL | ||
| 650 | |a FAMILIA | ||
| 650 | |a TEORIA SOCIAL | ||
| 650 | |a METODOLOGIA | ||
| 650 | |a GLOBALIZACION | ||
| 650 | |a HISTORIA POLITICA | ||
| 650 | |a MAPAS | ||
| 650 | |a INTERACCION SOCIAL | ||
| 650 | |a REDES SOCIALES | ||
| 650 | |a ECUADOR | ||
| 700 | |a Ramírez, Jacques Paul | ||
| 999 | |c 11674 |d 11674 | ||



